000 00649cam a22002171 4500
001 sa 63001601
003 DLC
005 20260227111928.0
008 840407s1960 ii 100 0 eng
010 _asa 63001601
035 _a(OCoLC)10604247
040 _aDLC
_cCLS
_dCLS
_dDLC
042 _apremarc
050 0 0 _aHC435
_b.D38 1960
245 1 0 _aDemocracy in India;
_ca symposium organised by the Forum of Free Enterprise.
260 _aBombay,
_bDhawale Popular
_c[1960]
300 _a193 p.
_c17 cm.
651 0 _aIndia
_xEconomic conditions
_y1945-
651 0 _aIndia
_xPolitics and government
_y1947-
710 2 _aForum of Free Enterprise.
999 _c54042
_d54042